Discrete Mathematics and its Applications (Record no. 609297)

000 -LEADER
fixed length control field 00356nam a22001457a 4500
020 ## - INTERNATIONAL STANDARD BOOK NUMBER
International Standard Book Number 0072424346
040 ## - CATALOGING SOURCE
Transcribing agency NUST
082 ## - DEWEY DECIMAL CLASSIFICATION NUMBER
Classification number 511
Author Mark ROS
100 ## - MAIN ENTRY--PERSONAL NAME
Personal name Rosen Kenneth H,
9 (RLIN) 17956
245 ## - TITLE STATEMENT
Title Discrete Mathematics and its Applications
250 ## - EDITION STATEMENT
Edition statement Fifth Edition
260 ## - PUBLICATION, DISTRIBUTION, ETC.
Place of publication, distribution, etc. Boston:
Name of publisher, distributor, etc. Mc Graw Hill,
Date of publication, distribution, etc. 2003.
650 ## - SUBJECT ADDED ENTRY--TOPICAL TERM
Topical term or geographic name entry element Mathematics
942 ## - ADDED ENTRY ELEMENTS (KOHA)
Source of classification or shelving scheme
Koha item type Book
Holdings
Withdrawn status Lost status Source of classification or shelving scheme Damaged status Not for loan Permanent Location Current Location Shelving location Date acquired Total Checkouts Full call number Barcode Date last seen Price effective from Koha item type
          College of Electrical & Mechanical Engineering (CEME) College of Electrical & Mechanical Engineering (CEME) General Stacks 05/24/2024   511 ROS CEME-50005 05/24/2024 05/24/2024 Book
          College of Electrical & Mechanical Engineering (CEME) College of Electrical & Mechanical Engineering (CEME) General Stacks 05/24/2024   511 ROS CEME- 41975 05/24/2024 05/24/2024 Book
          College of Electrical & Mechanical Engineering (CEME) College of Electrical & Mechanical Engineering (CEME) General Stacks 05/24/2024   511 ROS CEME- 41976 05/24/2024 05/24/2024 Book
© 2023 Central Library, National University of Sciences and Technology. All Rights Reserved.